Le PNJ avec les Pokémon au plus haut niveau des jeux Pokémon - Statistiques

Statistiques générales
  • Ce quiz a été pris 21 fois
    14 depuis la dernière actualisation
  • Le résultat moyen est 13 sur 20
Statistiques - réponses
Jeux Niveau du Pokémon le plus élevé PNJ % Correct
Or, Argent et Cristal 81 Red
100%
Or Heartgold et Argent Soulsilver 88 Red
100%
Let's Go, Pikachu et Let's Go, Evoli 85 Red
100%
Diamant Étincelant et Perle Scintillante 78 Cynthia
92%
Rouge, Bleu et Jaune 65 Blue
85%
Rouge Feu et Vert Feuille 75 Blue
85%
Rubis et Saphir 58 Pierre Rochard
85%
Emeraude 78 Pierre Rochard
85%
Rubis Oméga et Saphir Alpha 79 Pierre Rochard
85%
Noir 2 et Blanc 2 7885 en Mode Challenge IrisGuajava
69%
X et Y 80 Dianthéa
62%
Noir et Blanc 77 Goyah
62%
Épée et Bouclier 75 Mustar
46%
Soleil et Lune 63 Tili
46%
Ultra-Soleil et Ultra-Lune 70 Tili
46%
Diamant et Perle 74 Barry
38%
Platine 85 Barry
38%
Écarlate et Violet 87 Menzi/Kassis
23%
Légendes Pokémon : Arceus 79 Cormier
8%
Légendes Pokémon : Z-A 97 Corvault
8%
Aucun quiz correspondant
Distribution des résultats
% des personnes avec chaque résultat
Percentile par nombre de réponses
Votre historique - résultats
Vous n’avez pas pris ce quiz depuis la dernière actualisation